Ο ρόλος των κοινωνικών δικτύων στην αναβάθμιση των διοικητικών λειτουργιών και τη βελτίωση της εικόνας των ιδρυμάτων της τριτοβάθμιας εκπαίδευσης : μεταπτυχιακή διατριβή

Η παρούσα εργασία εστιάζει στο ρόλο των κοινωνικών δικτύων στην αναβάθμιση των διοικητικών λειτουργιών και τη βελτίωση της εικόνας των Ιδρυμάτων της Τριτοβάθμιας Εκπαίδευσης. Τα μέσα κοινωνικής δικτύωσης στο διαδίκτυο αποτελούν μια πραγματικότητα στο παγκοσμιοποιημένο περιβάλλον, μια πραγματικότητα...

Full description

Saved in:
Bibliographic Details
Main Author: Λουράκη, Μαρία
Corporate Author: Πανεπιστήμιο Αιγαίου. Σχολή Κοινωνικών Επιστημών. Τμήμα Πολιτισμικής Τεχνολογίας και Επικοινωνίας. Πρόγραμμα Μεταπτυχιακών Σπουδών Πολιτισμική Πληροφορική και Επικοινωνία
Format: Thesis Book
Language:Greek
Published: 2014.
Subjects:
Online Access:http://hdl.handle.net/11610/16045
Tags: Add Tag
No Tags, Be the first to tag this record!

MARC

LEADER 00000cam a2200000 a 4500
001 1/107907
008 150812s2014####gr | ||| |||| ||gre||
040 |a greGR-MyUa  |b gre  |c GR-MyUa  |e AACR2 
041 0 |a gre 
082 7 |a 374   |2 (23)  
100 1 |a Λουράκη, Μαρία. 
245 1 2 |a Ο ρόλος των κοινωνικών δικτύων στην αναβάθμιση των διοικητικών λειτουργιών και τη βελτίωση της εικόνας των ιδρυμάτων της τριτοβάθμιας εκπαίδευσης :   |b μεταπτυχιακή διατριβή /   |c Μαρία Λουράκη ; επιβλέπων καθηγητής Χρήστος Καλλονιάτης.  
260 |c 2014.  
300 |a 80 σ. :   |b εικ. ;   |c 30 εκ.  
502 |a Διατριβή (μεταπτυχιακή) - Πανεπιστήμιο Αιγαίου, Λέσβος, 2014.  
504 |a Περιλαμβάνει βιβλιογραφία.  
506 0 |a Ηλεκτρονική διάθεση στο πλήρες κείμενο - ελεύθερης πρόσβασης.  
520 8 |a Η παρούσα εργασία εστιάζει στο ρόλο των κοινωνικών δικτύων στην αναβάθμιση των διοικητικών λειτουργιών και τη βελτίωση της εικόνας των Ιδρυμάτων της Τριτοβάθμιας Εκπαίδευσης. Τα μέσα κοινωνικής δικτύωσης στο διαδίκτυο αποτελούν μια πραγματικότητα στο παγκοσμιοποιημένο περιβάλλον, μια πραγματικότητα που έχει αλλάξει τον τρόπο που διαχέεται η πληροφορία και η γνώση, τον τρόπο που γίνεται αντιληπτή η συλλογικότητα, τον τρόπο που επιτυγχάνεται η κοινωνική συνοχή. Η δυναμική τους, όπως αυτή προκύπτει, μέσα από μια σειρά εφαρμογών, και η ανταπόκρισή τους στους πολίτες, αποτελεί το έναυσμα μιας νέας πρόκλησης, της επέκτασης της χρήσης τους από τα Ιδρύματα της Τριτοβάθμιας Εκπαίδευσης, στο πλαίσιο τόσο της πλήρους ενσωμάτωσής τους στο «παγκόσμιο χωριό», όσο και της αξιοποίησης των δυνατοτήτων τους για μια σειρά λειτουργιών που φέρουν πιο κοντά τα μέλη της ακαδημαϊκής κοινότητας, διευκολύνοντας την αλληλεπίδραση μεταξύ τους.  
650 0 |a Universities and colleges  |x Administration. 
650 0 |a Universities and colleges  |z Greece. 
650 0 |a Universities and colleges  |z Greece  |x Computer network resources. 
700 1 |a Καλλονιάτης, Χρήστος,  |e dgs 
710 2 |a Πανεπιστήμιο Αιγαίου.   |b Σχολή Κοινωνικών Επιστημών.   |b Τμήμα Πολιτισμικής Τεχνολογίας και Επικοινωνίας.   |b Πρόγραμμα Μεταπτυχιακών Σπουδών Πολιτισμική Πληροφορική και Επικοινωνία. 
852 |a INST  |b LESVOS  |c DIATR  |e 20150812  |h 545  |p 005100057153  |q 005100057153  |t MTXE  |y 23 
852 |a INST  |b LESVOS  |c DIATR  |e 20150812  |h 546  |p 005100057152  |q 005100057152  |t MTXE  |y 23 
856 |u http://hdl.handle.net/11610/16045 
924 |a Λουράκη   |b Μαρία   |y Λέσβος  |z 2014-05  
970 |a Τζαφέρη   |b Ευαγγελία   |z 12-08-2015